Forensic investigation of explosions (Record no. 12095)

MARC details
000 -LEADER
fixed length control field 05052cam a2200385Ia 4500
001 - CONTROL NUMBER
control field CRC00E87258PDF
003 - CONTROL NUMBER IDENTIFIER
control field BD-DhSAU
005 - DATE AND TIME OF LATEST TRANSACTION
control field 20151012144309.0
006 - FIXED-LENGTH DATA ELEMENTS--ADDITIONAL MATERIAL CHARACTERISTICS
fixed length control field m|||||o||d||||||||
007 - PHYSICAL DESCRIPTION FIXED FIELD--GENERAL INFORMATION
fixed length control field cr||||
008 - FIXED-LENGTH DATA ELEMENTS--GENERAL INFORMATION
fixed length control field 120329s2012 flua sb 001 0 eng d
020 ## - INTERNATIONAL STANDARD BOOK NUMBER
International Standard Book Number 9781420087260 (ebook : PDF)
040 ## - CATALOGING SOURCE
Original cataloging agency BD-DhSAU
Transcribing agency BD-DhSAU
090 ## - LOCALLY ASSIGNED LC-TYPE CALL NUMBER (OCLC); LOCAL CALL NUMBER (OCLC)
Classification number (OCLC) (R) ; Classification number, CALL (RLIN) (NR) HV8079.B62
Local cutter number (OCLC) ; Book number/undivided call number, CALL (RLIN) F67 2012
092 ## - LOCALLY ASSIGNED DEWEY CALL NUMBER (OCLC)
Classification number 363.325165
Item number F715
245 00 - TITLE STATEMENT
Title Forensic investigation of explosions
Medium [electronic resource] /
Statement of responsibility, etc. edited by Alexander Beveridge.
250 ## - EDITION STATEMENT
Edition statement 2nd ed.
260 ## - PUBLICATION, DISTRIBUTION, ETC. (IMPRINT)
Place of publication, distribution, etc. Boca Raton, Fla. :
Name of publisher, distributor, etc. CRC Press,
Date of publication, distribution, etc. c2012.
300 ## - PHYSICAL DESCRIPTION
Extent xxxvii, 792 p. :
Other physical details ill. (chiefly col.).
490 1# - SERIES STATEMENT
Series statement International forensic science and investigation series
504 ## - BIBLIOGRAPHY, ETC. NOTE
Bibliography, etc Includes bibliographical references and index.
505 0# - FORMATTED CONTENTS NOTE
Formatted contents note 1. The history, development, and characteristics of explosives and propellants / Robert B. Hopler -- 2. Physics of explosion hazards / Bibhu Mohanty -- 3. Detection of hidden explosives : new challenges and progress (1998-2009) / Susan Hallowell ... [et al.] -- 4. General protocols at the scene of an explosion / Jean-Yves Vermette -- 5. Recovery of material from the scene of an explosion and its subsequent forensic laboratory examination : a team approach / Richard A. Strobel -- 6. The management of casework within the United Kingdom forensic explosives laboratory / Sharon Broome and Clifford Todd -- 7. Aircraft explosive sabotage investigation / John H. Garstang -- 8. Evidence of explosive damage to materials and structures in air crash investigations / Maurice Baker ... [et al.] -- 9. Investigation of gas phase explosions in buildings / Christopher D. Foster -- 10. Vehicle-borne improvised explosive devices : collection, analysis, and presentation of evidence / Donald J. Sachtleben -- 11. Investigation of pipe bombs / Edward C. Bender and Alexander D. Beveridge -- 12. Improvised explosives characteristics, detection, and analysis / Kirk Yeager -- 13. Quality and the trace detection and identification of organic high explosives / Sean Doyle -- 14. Chromatography of explosives / Bruce R. McCord, Inge Corbin, and Edward C. Bender -- 15. Analysis of explosives by mass spectrometry / Tsippy Tamiri and Shmuel Zitrin -- 16. Analysis of explosives by infrared spectrometry / Shmuel Zitrin and Tsippy Tamiri -- 17. Portable explosive detection instruments / Sarah Benson, Naomi Speers, and Vincent Otieno-Alego -- 18. The significance of analytical results in explosives investigation / Gerard T. Murray -- 19. Forensic pathology of explosive injury / Indira Kitulwatte and Michael S. Pollanen -- 20. Presentation of explosive casework evidence / James W. Jardine.
520 ## - SUMMARY, ETC.
Summary, etc. "Now in its second edition, Forensic Investigation of Explosions draws on the editor's 30 years of explosives casework experience, including his work on task forces set up to investigate major explosives incidents. Dr. Alexander Beveridge provides a broad, multidisciplinary approach, assembling the contributions of internationally recognized experts who present the definitive reference work on the subject.Topics discussed include:The physics and chemistry of explosives and explosionsThe detection of hidden explosivesThe effect of explosions on structures and personsAircraft sabotage investigationsExplosion scene investigationsCasework managementThe role of forensic scientistsAnalysis of explosives and their residuesForensic pathology as it relates to explosivesPresentation of expert testimonyWith nearly 40 percent more material, this new edition contains revised chapters and several new topics, including:A profile of casework management in the UK Forensic Explosives Laboratory, one of the world's top labs, with a discussion of their management system, training procedures, and practical approaches to problem solvingProperties and analysis of improvised explosivesAn examination of the Bali bombings and the use of mobile analytical techniques and mobile laboratoriesThe collection, analysis, and presentation of evidence in vehicle-borne improvised explosive device cases, as evidenced in attacks on US overseas targetsThis volume offers valuable information to all members of prevention and post-blast teams. Each chapter was written by an expert or experts in a specific field and provides well-referenced information underlying best practices that can be used in the field, laboratory, conference room, classroom, or courtroom. "--Provided by publisher.
530 ## - ADDITIONAL PHYSICAL FORM AVAILABLE NOTE
Additional physical form available note Also available in print edition.
538 ## - SYSTEM DETAILS NOTE
System details note Mode of access: World Wide Web.
650 #0 - SUBJECT ADDED ENTRY--TOPICAL TERM
Topical term or geographic name as entry element Bombing investigation.
650 #0 - SUBJECT ADDED ENTRY--TOPICAL TERM
Topical term or geographic name as entry element Explosives
General subdivision Detection.
650 #0 - SUBJECT ADDED ENTRY--TOPICAL TERM
Topical term or geographic name as entry element Explosions.
650 #0 - SUBJECT ADDED ENTRY--TOPICAL TERM
Topical term or geographic name as entry element Chemistry, Forensic.
655 #7 - INDEX TERM--GENRE/FORM
Genre/form data or focus term Electronic books.
Source of term lcsh
700 1# - ADDED ENTRY--PERSONAL NAME
Personal name Beveridge, Alexander.
776 1# - ADDITIONAL PHYSICAL FORM ENTRY
International Standard Book Number 9781420087253
-- 1420087258
830 #0 - SERIES ADDED ENTRY--UNIFORM TITLE
Uniform title International forensic science and investigation series.
856 40 - ELECTRONIC LOCATION AND ACCESS
Uniform Resource Identifier <a href="http://marc.crcnetbase.com/isbn/9781420087260">http://marc.crcnetbase.com/isbn/9781420087260</a>
Electronic format type application/PDF

No items available.